Ochranné krídla nad občanmi v hmotnej núdzi

Bibliographic Details
Format: Article
Language:Slovak
Subjects:

MARC

LEADER 00000nab a2200000 ar4500
001 vtls008959674
003 SK-MaSNL
005 20260303200124.0
008 070329c2007 xo wr|p|||||||000 b|slo
015 |a SNBRB2007 
038 |a PPPK 
040 |a PPPKCL  |b slo  |c PPPK  |e AACR2 
041 0 |a slo 
044 |a xo  |c SK 
080 |a 352:364.422  |2 1997 
080 |a 364.422  |2 1997 
080 |a 364.3-64  |2 2001 
245 0 0 |a Ochranné krídla nad občanmi v hmotnej núdzi  |c [autor] (mar) 
610 1 7 |a Poprad (Slovensko).  |b Mestský úrad.  |b Sociálny odbor  |2 pppkcl 
648 7 |a za r. 2006  |2 pppkcl  |9 1032756 
650 0 7 |a sociálne dávky  |2 pppkcl  |9 2157 
650 0 7 |a sociálne zabezpečenie  |2 pppkcl  |9 3720 
650 0 7 |a pomoc v hmotnej núdzi  |2 pppkcl  |9 325863 
651 7 |a Poprad (Slovensko)  |2 pppkcl  |9 20155 
773 0 |t Poprad : noviny občanov mesta  |g Roč. XVIII, č. 18 (2007), s. 3 
852 |a PPPK  |b KIS3GCP 
999 |c 2166513  |d 2168443